书目信息 |
| 题名: |
热土
|
|
| 作者: | 刘清惠 主编 | |
| 分册: | ||
| 出版信息: | 郑州 河南人民出版社 1992.10 |
|
| 页数: | 400页 | |
| 开本: | 32开 | |
| 丛书名: | ||
| 单 册: | ||
| 中图分类: | I207.5 | |
| 科图分类: | ||
| 主题词: | 文学--中国 | |
| 电子资源: | ||
| ISBN: | 7-215-02170-X | |
| 000 | 00519nam0 2200193 45 | |
| 001 | 0005311019 | |
| 005 | 20000531105337.2 | |
| 010 | @a7-215-02170-X@d7.55元 | |
| 100 | @a20000531d1992 km y0chiy0120 ea | |
| 101 | @achi | |
| 105 | @a z 000yy | |
| 200 | 1 | @a热土@ARe Tu@f刘清惠主编@FLiu Qing Hui Zhu Bian |
| 210 | @a郑州@c河南人民出版社@d1992.10 | |
| 215 | @a400页@d32开 | |
| 606 | 0 | @a文学@x中国 |
| 690 | @aI207.5@v3 | |
| 701 | @a刘清惠@4主编 | |
| 801 | @aCN@bPftUser@c20000531 | |
| 905 | @f3@b57269-271@dI207.5@eL328 | |
| 热土/刘清惠主编.-郑州:河南人民出版社,1992.10 |
| 400页;32开 |
| ISBN 7-215-02170-X:7.55元 |
| ● |
| 相关链接 |
|
|
|
正题名:热土
索取号:I207.5/L328
 
预约/预借
| 序号 | 登录号 | 条形码 | 馆藏地/架位号 | 状态 | 备注 |
| 1 | 57269 | 200572692 | 文学库108/108文学库 10排3列5层/ [索取号:I207.5/L328] | 在馆 | |
| 2 | 57270 | 200572709 | 社科二线400B/400B社科库 11排3列5层/ [索取号:I207.5/L328] | 在馆 | |
| 3 | 57271 | 200572718 | 文学库108/108文学库 10排3列5层/ [索取号:I207.5/L328] | 在馆 |